Los mensajes de los sabios
Gespeichert in:
| 1. Verfasser: | |
|---|---|
| Format: | Buch |
| Sprache: | Spanisch |
| Veröffentlicht: |
Barcelona
Ediciones B. S. A
2000
|
| Ausgabe: | 1a. ed |
| Schlagworte: | |
| Tags: |
Tag hinzufügen
Keine Tags, Fügen Sie den ersten Tag hinzu!
|
MARC
| LEADER | 00000cam a2200000 a 4500 | ||
|---|---|---|---|
| 001 | UCC6230 | ||
| 003 | CL-VaPUC | ||
| 008 | 181130e20000000sp |||||||||||||||||spa|d | ||
| 020 | |a 8440697422 | ||
| 082 | 0 | 4 | |a 155.9042 |b WEI |2 21 |
| 100 | 0 | |a Weiss, Brian L |e author |9 600666 | |
| 245 | 1 | 4 | |a Los mensajes de los sabios |
| 250 | |a 1a. ed | ||
| 300 | |a 324 p | ||
| 942 | |c BK | ||
| 945 | |d 20181130 13:53:00 |a dcastane | ||
| 260 | |a Barcelona |b Ediciones B. S. A |c 2000 | ||
| 650 | 0 | |a Psicología aplicada |9 270762 | |
| 650 | 7 | |a PSICOLOGIA DIFERENCIAL |2 CL-VaPUC |9 309027 | |
| 650 | 7 | |a REGRESION |2 CL-VaPUC |9 600667 | |
| 583 | |a last modification |c 20181130 13:53:00 |k Rodrigo Vera | ||
| 999 | |c 373224 |d 373222 | ||
| 952 | |0 0 |1 0 |3 erd |4 0 |6 155_904200000000000_WEI_2000 |7 0 |8 C |9 491228 |a BIBCUR |b BIBCUR |i 5517516 |l 1 |m 1 |o 155.9042 WEI 2000 |p 5517516 |r 2025-04-22 |s 2024-11-27 |w 2019-11-24 |y BK |z Catalogado en:20181130 |k CAC | ||